[Event "C.to Italiano Semifinale"]
[Site "Montecatini Terme ITA"]
[Date "1998.06.??"]
[Round "4"]
[White "Bonaccorsi, Fabrizio"]
[Black "Sansonetti, Giorgio"]
[Result "0-1"]
[WhiteElo "2110"]
[BlackElo "2195"]
[PlyCount "60"]
[EventDate "1998.06.21"]

1. Nf3 e6 2. g3 c5 3. Bg2 d5 4. O-O Nc6 5. d3 Bd6 6. e4 Nge7 7. Nbd2 Qc7 8. c3
O-O 9. Nh4 f6 10. f4 Bd7 11. c4 Be8 12. Ndf3 dxe4 13. dxe4 e5 14. fxe5 Nxe5 15.
Qe2 Bh5 16. b3 Rfe8 17. Qc2 Rad8 18. Bb2 N7c6 19. Nxe5 Bxe5 20. Bxe5 Qxe5 21.
Rae1 Nb4 22. Qb1 Rd2 23. Kh1 Rb2 24. Rf5 Rxb1 25. Rxb1 Qd4 26. Rxh5 Nd3 27. Rd5
Nf2+ 28. Kg1 Nh3+ 29. Kh1 Qg1+ 30. Rxg1 Nf2# 0-1

[Event "C.to Italiano Semifinale"]
[Site "Montecatini Terme ITA"]
[Date "1998.06.??"]
[Round "4"]
[White "Castaldo, Folco"]
[Black "Clementini, Lorenzo"]
[Result "1-0"]
[WhiteElo "2155"]
[BlackElo "1760"]
[PlyCount "64"]
[EventDate "1998.06.21"]

1. e4 d5 2. exd5 Nf6 3. d4 Nxd5 4. c4 Nb4 5. a3 N4c6 6. Be3 g6 7. Be2 Bg7 8.
Nf3 O-O 9. O-O e5 10. d5 Ne7 11. Nc3 Bg4 12. Nd2 Bxe2 13. Nxe2 Nf5 14. Bc5 Nd6
15. Ng3 f5 16. f3 Nd7 17. Bf2 b6 18. Qc2 Bh6 19. Rad1 a5 20. b4 axb4 21. axb4
Ra3 22. c5 Nb5 23. Nb1 Ra8 24. Qc4 Na3 25. Nxa3 Rxa3 26. d6+ Kh8 27. c6 Nf6 28.
d7 Bg7 29. Bxb6 h5 30. Bc5 Rg8 31. b5 Ra8 32. Qf7 h4 1-0

[Event "C.to Italiano Semifinale"]
[Site "Montecatini Terme ITA"]
[Date "1998.06.??"]
[Round "4"]
[White "Contin, Daniel"]
[Black "Cacco, Christian"]
[Result "1-0"]
[WhiteElo "2300"]
[BlackElo "2180"]
[PlyCount "71"]
[EventDate "1998.06.21"]

1. c4 Nf6 2. Nf3 g6 3. b3 Bg7 4. Bb2 d6 5. g3 c5 6. Bg2 Nc6 7. O-O O-O 8. d4
cxd4 9. Nxd4 Bd7 10. Nc2 Qc8 11. Nc3 a6 12. Rb1 Rb8 13. a4 Na5 14. Ne3 Bc6 15.
Ncd5 Bxd5 16. cxd5 b6 17. Rc1 Qd7 18. b4 Nb7 19. Bd4 Nd8 20. Nc4 b5 21. Nb6 Qf5
22. a5 Re8 23. h3 e5 24. Be3 h5 25. Qd2 Nd7 26. Rc7 Nxb6 27. axb6 e4 28. Qa2
Rb7 29. Rd1 Re7 30. Rxe7 Rxe7 31. Qxa6 Qd7 32. Rc1 Qb7 33. Qxb7 Rxb7 34. Rc8
Bf6 35. Bxe4 Kg7 36. Bd3 1-0

[Event "C.to Italiano Semifinale"]
[Site "Montecatini Terme ITA"]
[Date "1998.06.??"]
[Round "4"]
[White "Corvi, Marco"]
[Black "Vezzosi, Paolo"]
[Result "0-1"]
[WhiteElo "2320"]
[BlackElo "2275"]
[PlyCount "182"]
[EventDate "1998.06.21"]

1. c4 Nf6 2. Nc3 c5 3. e4 d6 4. g3 Nc6 5. Bg2 g6 6. d3 Bg7 7. Nge2 Rb8 8. h3
Nd7 9. O-O a6 10. Be3 Nd4 11. Bg5 O-O 12. Qd2 b5 13. cxb5 axb5 14. Nxd4 Bxd4
15. Ne2 Bg7 16. d4 b4 17. dxc5 Nxc5 18. Nd4 Bxd4 19. Qxd4 Ne6 20. Qd2 Nxg5 21.
Qxg5 Be6 22. Qe3 Qa5 23. Rfc1 Rfc8 24. Bf1 Qe5 25. Rxc8+ Rxc8 26. Qe2 Ra8 27.
a4 bxa3 28. Rxa3 Rxa3 29. bxa3 Qa1 30. Kh2 Qxa3 31. Bg2 Qc5 32. Qb2 g5 33. Qb8+
Kg7 34. Qb2+ f6 35. Qd2 h6 36. Bf3 Qa3 37. Bg2 Qa2 38. Qe3 Qa5 39. Bf3 Qc5 40.
Qd2 Bf7 41. Bg2 Bc4 42. Kg1 Bb5 43. Qb2 Bc6 44. Qd2 f5 45. Qb2+ Kh7 46. exf5
Bxg2 47. Kxg2 Qxf5 48. Qb7 Qe5 49. Qa8 Kg7 50. Qb8 Qe4+ 51. Kg1 d5 52. Qb7 Qe5
53. Qd7 d4 54. Qd8 Qe1+ 55. Kg2 Qe4+ 56. Kh2 d3 57. Qd7 Kf7 58. Qd8 Qe2 59.
Qd5+ Kg7 60. Qd4+ Kh7 61. Kg2 d2 62. Qd8 Kg7 63. Qd4+ Kg6 64. Qb6+ Kf7 65. Qb3+
Qe6 66. Qf3+ Kg8 67. Qd3 Qd6 68. Qb3+ Kg7 69. Qd1 Qd4 70. Kf1 Qd3+ 71. Kg2 e5
72. Kg1 Kg6 73. Kg2 h5 74. Kh2 e4 75. Kg1 Qc3 76. Kf1 Qc4+ 77. Kg2 Qd3 78. Kg1
Kh6 79. h4 g4 80. Kh2 Kg6 81. Qa4 d1=Q 82. Qe8+ Kf6 83. Qf8+ Ke6 84. Qe8+ Kd5
85. Qd7+ Kc4 86. Qc6+ Kb3 87. Qb6+ Ka2 88. Qa5+ Kb2 89. Qb4+ Q1b3 90. Qc5 e3
91. Qe5+ Kb1 0-1

[Event "C.to Italiano Semifinale"]
[Site "Montecatini Terme ITA"]
[Date "1998.06.??"]
[Round "4"]
[White "Del Monaco, Andrea"]
[Black "Parrella, Alfredo"]
[Result "1-0"]
[WhiteElo "1793"]
[BlackElo "2185"]
[PlyCount "67"]
[EventDate "1998.06.21"]

1. e4 c6 2. d4 d5 3. Nd2 dxe4 4. Nxe4 Bf5 5. Ng3 Bg6 6. Nf3 Nd7 7. h4 h6 8. h5
Bh7 9. Bd3 Bxd3 10. Qxd3 Qc7 11. Bd2 e6 12. O-O-O Ngf6 13. Ne5 Nxe5 14. dxe5
Qxe5 15. Rhe1 Qd5 16. Rxe6+ Kd7 17. Re3 Qxd3 18. Rxd3+ Kc7 19. Bf4+ Kb6 20. c4
Rg8 21. b4 a5 22. Be3+ Kc7 23. Ne4 Be7 24. Nxf6 Bxf6 25. Rd7+ Kc8 26. b5 a4 27.
b6 Ra5 28. Rc7+ Kb8 29. Rdd7 Bg5 30. Rxb7+ Ka8 31. Ra7+ Rxa7 32. Rxa7+ Kb8 33.
Bxg5 hxg5 34. Rxf7 1-0

[Event "C.to Italiano Semifinale"]
[Site "Montecatini Terme ITA"]
[Date "1998.06.??"]
[Round "4"]
[White "Di Vincenzi, Renato"]
[Black "Wild, Alexander"]
[Result "1-0"]
[WhiteElo "2128"]
[BlackElo "1714"]
[PlyCount "89"]
[EventDate "1998.06.21"]

1. Nf3 d5 2. d4 c6 3. c4 e6 4. Nc3 dxc4 5. a4 Bb4 6. e3 b5 7. Bd2 a5 8. Ne5 Qc7
9. Qg4 g6 10. Be2 Nf6 11. Qh4 Nd5 12. e4 Nxc3 13. bxc3 Bd6 14. Ng4 Nd7 15. e5
Be7 16. Bg5 Bxg5 17. Qxg5 h5 18. Nf6+ Nxf6 19. Qxf6 Rh7 20. O-O Ba6 21. Rfb1
Rb8 22. axb5 Rxb5 23. Rxb5 Bxb5 24. Qf4 f5 25. Qc1 a4 26. Qf1 Qa5 27. Bxc4 Rb7
28. Bxb5 cxb5 29. c4 b4 30. c5 a3 31. Qc4 Ke7 32. Qb3 Qb5 33. h4 Qc6 34. Qg3
Qd5 35. Qxg6 Kd7 36. Rc1 Kc6 37. Qe8+ Qd7 38. Qa8 Qxd4 39. Qc8+ Rc7 40. Qxe6+
Kb7 41. Qb6+ Kc8 42. e6 a2 43. Qa6+ Kd8 44. Qxa2 Rxc5 45. Qa8+ 1-0

[Event "C.to Italiano Semifinale"]
[Site "Montecatini Terme ITA"]
[Date "1998.06.??"]
[Round "4"]
[White "Fabiano, Giuseppe"]
[Black "Aldrovandi, Costantino"]
[Result "1-0"]
[WhiteElo "2230"]
[BlackElo "2235"]
[PlyCount "75"]
[EventDate "1998.06.21"]

1. Nf3 Nf6 2. c4 g6 3. Nc3 Bg7 4. e4 d6 5. d4 O-O 6. Be2 e5 7. d5 a5 8. Bg5 h6
9. Bh4 Bd7 10. Nd2 Na6 11. O-O Qe8 12. Bg3 Nh7 13. f4 f5 14. exf5 gxf5 15. Nf3
e4 16. Nd4 Nf6 17. Kh1 Qg6 18. Bh4 Rae8 19. h3 Nc5 20. Ncb5 Rc8 21. Rc1 Rfe8
22. Rc3 e3 23. Rf3 Nfe4 24. Rcxe3 Bf6 25. Rg3 Bxh4 26. Rxg6+ Kh7 27. Kh2 Nf2
28. Rxe8 Nxd1 29. Rxc8 Kxg6 30. Rxc7 Ne3 31. Nxd6 b6 32. Nb7 Ne4 33. Rxd7 Bg3+
34. Kh1 Bf2 35. g4 Bg3 36. gxf5+ Kf6 37. Rd6+ Ke7 38. Re6+ 1-0

[Event "C.to Italiano Semifinale"]
[Site "Montecatini Terme ITA"]
[Date "1998.06.??"]
[Round "4"]
[White "Isonzo, David"]
[Black "Tonon, Alessandro"]
[Result "1-0"]
[WhiteElo "2235"]
[BlackElo "2175"]
[PlyCount "58"]
[EventDate "1998.06.21"]

1. e4 Nf6 2. e5 Nd5 3. d4 d6 4. Nf3 g6 5. Bc4 Nb6 6. Bb3 Bg7 7. Qe2 O-O 8. h3
Nc6 9. Nbd2 a5 10. a4 dxe5 11. dxe5 Be6 12. O-O Bxb3 13. Nxb3 Qd5 14. Re1 Qc4
15. e6 fxe6 16. Qxe6+ Qxe6 17. Rxe6 Nc4 18. c3 Rad8 19. Re1 Rf5 20. Nfd2 N6e5
21. Nd4 Rf7 22. Nxc4 Nxc4 23. Ne6 Rd7 24. Nxg7 Kxg7 25. b3 Nd2 26. Ba3 Nxb3 27.
Rab1 Nd2 28. Rxb7 Nc4 29. Bc5 Kf6 1-0

[Event "C.to Italiano Semifinale"]
[Site "Montecatini Terme ITA"]
[Date "1998.06.??"]
[Round "4"]
[White "Marzano, Carlo"]
[Black "Martorelli, Antonio"]
[Result "1-0"]
[WhiteElo "2185"]
[BlackElo "2405"]
[PlyCount "93"]
[EventDate "1998.06.21"]

1. d4 Nf6 2. Nf3 g6 3. c4 Bg7 4. Nc3 O-O 5. e4 d6 6. Be2 Na6 7. O-O e5 8. d5
Nc5 9. Qc2 a5 10. Ne1 Nh5 11. Be3 f5 12. f3 Nf4 13. Kh1 Rf7 14. Nd3 Ncxd3 15.
Bxd3 h5 16. c5 h4 17. cxd6 cxd6 18. Na4 h3 19. g3 Nxd3 20. Qxd3 fxe4 21. fxe4
Rxf1+ 22. Rxf1 b5 23. Nb6 Rb8 24. Qxb5 Bg4 25. Qxa5 Be2 26. Rf2 Bd3 27. Qb4 Bf6
28. Rd2 Bg5 29. Rxd3 Qf6 30. Kg1 Qf3 31. Qd2 Rf8 32. Bf4 Qxe4 33. Nd7 Rc8 34.
Bxg5 Rc1+ 35. Kf2 Qg2+ 36. Ke3 Qg1+ 37. Qf2 Re1+ 38. Kf3 Rf1 39. Nf6+ Kf7 40.
Ne4 Rxf2+ 41. Nxf2 Qg2+ 42. Ke2 Qxh2 43. Rc3 Qg2 44. Rc7+ Ke8 45. Be7 Qxg3 46.
Bxd6 e4 47. Bxg3 1-0

[Event "C.to Italiano Semifinale"]
[Site "Montecatini Terme ITA"]
[Date "1998.06.??"]
[Round "4"]
[White "Mauro, Alan"]
[Black "Mariano, Elia"]
[Result "0-1"]
[WhiteElo "2260"]
[BlackElo "2205"]
[PlyCount "68"]
[EventDate "1998.06.21"]

1. e4 d5 2. exd5 Qxd5 3. Nc3 Qa5 4. Nf3 Nf6 5. Be2 Bg4 6. O-O e6 7. d4 Nbd7 8.
h3 Bxf3 9. Bxf3 c6 10. Bf4 Be7 11. Bg3 O-O 12. Ne2 Rad8 13. c3 e5 14. Qc2 exd4
15. Nxd4 g6 16. Rfe1 Rfe8 17. Bxc6 bxc6 18. Nxc6 Qc5 19. Nxd8 Bxd8 20. Rxe8+
Nxe8 21. Qa4 Nef6 22. Rd1 Qf5 23. Qxa7 Bb6 24. Qa8+ Kg7 25. Qc6 h5 26. Qd6 Qe4
27. Qd3 Qa4 28. Qb1 Qc4 29. Qd3 Qxa2 30. Qb5 Qe6 31. b4 Qb3 32. Rxd7 Nxd7 33.
Qxd7 Qxc3 34. Qe7 Qxg3 0-1

[Event "C.to Italiano Semifinale"]
[Site "Montecatini Terme ITA"]
[Date "1998.06.??"]
[Round "4"]
[White "Nironi, Andrea"]
[Black "Astengo, Marcello"]
[Result "0-1"]
[WhiteElo "1681"]
[BlackElo "2075"]
[PlyCount "70"]
[EventDate "1998.06.21"]

1. d4 d5 2. c4 e6 3. Nc3 c6 4. Nf3 Nf6 5. e3 Nbd7 6. Qc2 Bd6 7. b3 Qa5 8. Bd2
Qc7 9. Be2 O-O 10. Rc1 dxc4 11. bxc4 e5 12. O-O Re8 13. Bd3 exd4 14. exd4 Nf8
15. h3 Bd7 16. Rfe1 Rad8 17. Ne4 Nxe4 18. Rxe4 Rxe4 19. Bxe4 Qc8 20. c5 Bb8 21.
Ng5 Ng6 22. f4 Nxf4 23. Bxh7+ Kf8 24. Qb3 Be6 25. Nxe6+ Qxe6 26. Qxe6 Nxe6 27.
Rb1 Rxd4 28. Rxb7 Bg3 29. Rb2 g6 30. Bh6+ Ke7 31. Kf1 Rh4 32. Rb7+ Kf6 33. Bg8
Nd8 34. Bg5+ Kxg5 35. Rd7 Re4 0-1

[Event "C.to Italiano Semifinale"]
[Site "Montecatini Terme ITA"]
[Date "1998.06.??"]
[Round "4"]
[White "Piscopo, Pierluigi"]
[Black "Pecorari, Marcello"]
[Result "1/2-1/2"]
[WhiteElo "1798"]
[BlackElo "1713"]
[PlyCount "83"]
[EventDate "1998.06.21"]

1. e4 g6 2. d4 Bg7 3. Nf3 d6 4. Bc4 Nf6 5. Nc3 O-O 6. Qe2 c6 7. Bb3 Bg4 8. Bg5
e5 9. dxe5 dxe5 10. h3 Bxf3 11. Qxf3 Nbd7 12. Rd1 Qc7 13. g4 h6 14. Bh4 g5 15.
Bg3 Nc5 16. Qf5 Nxb3 17. axb3 Rfe8 18. h4 Qc8 19. Qxc8 Raxc8 20. f3 Rc7 21. Ra1
b6 22. Nd1 Nd7 23. Ne3 f6 24. Ke2 Nc5 25. b4 Ne6 26. Nf5 Rd7 27. hxg5 hxg5 28.
Rhd1 Red8 29. c3 Rxd1 30. Rxd1 Rxd1 31. Kxd1 Bf8 32. Kd2 Kf7 33. Kd3 Nc7 34.
Bf2 Ke6 35. Kc2 Kd7 36. Be3 Ne6 37. Kb3 Kc7 38. Ng3 Be7 39. Nh5 Nf8 40. Ng7 Ng6
41. Nf5 Bf8 42. Bf2 1/2-1/2

[Event "C.to Italiano Semifinale"]
[Site "Montecatini Terme ITA"]
[Date "1998.06.??"]
[Round "4"]
[White "Scavo, Fernando"]
[Black "Iotti, Pierluigi"]
[Result "0-1"]
[WhiteElo "2255"]
[BlackElo "2325"]
[PlyCount "112"]
[EventDate "1998.06.21"]

1. e4 e6 2. d4 d5 3. e5 c5 4. c3 Nc6 5. Nf3 Bd7 6. a3 c4 7. Bf4 Na5 8. Nbd2 Qc7
9. Be2 O-O-O 10. Rb1 Ne7 11. Nf1 Kb8 12. h4 Nc8 13. Ne3 Nb6 14. Nd2 Ba4 15. Qc1
h5 16. Bg5 Rc8 17. O-O Nd7 18. Bf4 f6 19. Nf3 Nc6 20. Nxc4 dxc4 21. Bxc4 fxe5
22. dxe5 Nd8 23. Ba2 Bb5 24. Re1 Bc4 25. b3 Bd5 26. c4 Bxf3 27. gxf3 Nc6 28.
Qb2 Bc5 29. Re4 Be7 30. b4 Bxh4 31. c5 Nd8 32. Rc1 Rf8 33. Qd2 Rf5 34. Rd1 Nf8
35. Rd4 g5 36. Bh2 Nc6 37. Rd6 Rxf3 38. Rf1 Qf7 39. b5 Ne7 40. c6 b6 41. Rd7 g4
42. Bg3 Bxg3 43. Qd6+ Ka8 44. Rxe7 Bxe5 45. Qb4 Qf4 46. Qxf4 Bxf4 47. Rd1 Rxa3
48. Bxe6 Nxe6 49. Rxe6 g3 50. fxg3 Bxg3 51. Rg6 h4 52. Kg2 Ra5 53. Rb1 a6 54.
bxa6 Ka7 55. Kh3 Kxa6 56. c7 Rb5 0-1

[Event "C.to Italiano Semifinale"]
[Site "Montecatini Terme ITA"]
[Date "1998.06.??"]
[Round "5"]
[White "Aldrovandi, Costantino"]
[Black "Isonzo, David"]
[Result "1-0"]
[WhiteElo "2235"]
[BlackElo "2235"]
[PlyCount "187"]
[EventDate "1998.06.21"]

1. e4 e5 2. Nf3 d6 3. d4 exd4 4. Nxd4 Nf6 5. Nc3 Be7 6. Bc4 O-O 7. O-O a6 8. a4
c5 9. Nde2 Nc6 10. Nf4 Nb4 11. f3 Bd7 12. Be3 Rb8 13. a5 Bc6 14. Qd2 Re8 15.
Rfd1 Nd7 16. Qe2 Ne5 17. Bxc5 Nxc2 18. Bxf7+ Nxf7 19. Qxc2 Bg5 20. Bb6 Qf6 21.
Ncd5 Qh6 22. Nh3 Bxd5 23. Nxg5 Rbc8 24. Nxf7 Bxf7 25. Qd2 Qxd2 26. Rxd2 Rc6 27.
Bd4 d5 28. exd5 Rd6 29. Bb6 Rxd5 30. Rxd5 Bxd5 31. Rd1 Bc6 32. Kf2 Bb5 33. Rd2
Kf7 34. h3 Bc6 35. Kg3 Bb5 36. Kf2 Bc6 37. Bc5 Bb5 38. g4 Rc8 39. b4 Re8 40. h4
Rc8 41. h5 h6 42. Kg3 Re8 43. Rd5 Bc6 44. Rd2 Bb5 45. f4 Re2 46. Rd8 Re8 47.
Rd1 Re4 48. Rd5 Re8 49. f5 Re4 50. Kf3 Re8 51. Rd6 Bc6+ 52. Kg3 Bb5 53. Kf2
Re2+ 54. Kg3 Re8 55. Rg6 Rg8 56. Bd4 Ba4 57. Kf4 Bb5 58. Be5 Ba4 59. Ke3 Bb3
60. Ke4 Ba4 61. Kd4 Bc6 62. Kc5 Be4 63. Kb6 Bh1 64. Bb2 Bg2 65. Ka7 Bh1 66. Bd4
Bg2 67. Bc3 Bh1 68. f6 gxf6 69. Rxf6+ Ke7 70. Rxh6 Rxg4 71. Rb6 Kf7 72. h6 Rh4
73. Bg7 Bc6 74. Kb8 Rc4 75. Be5 Kg6 76. Bd6 Kxh6 77. Rxb7 Bxb7 78. Kxb7 Re4 79.
Bf8+ Kg6 80. Kxa6 Kf7 81. Bc5 Ke6 82. Kb7 Rh4 83. a6 Rh7+ 84. Kb6 Kd5 85. a7
Rh8 86. Kb7 Rh7+ 87. Ka6 Rh8 88. Bf2 Kc4 89. b5 Rh6+ 90. b6 Rh8 91. Bg3 Kc5 92.
Kb7 Rg8 93. Bc7 Re8 94. a8=Q 1-0

[Event "C.to Italiano Semifinale"]
[Site "Montecatini Terme ITA"]
[Date "1998.06.??"]
[Round "5"]
[White "Clementini, Lorenzo"]
[Black "Minerva, Enzo"]
[Result "1/2-1/2"]
[WhiteElo "1760"]
[BlackElo "2155"]
[PlyCount "26"]
[EventDate "1998.06.21"]

1. d4 Nf6 2. Nc3 d5 3. e4 Nxe4 4. Nxe4 dxe4 5. Bc4 h5 6. c3 e6 7. Qe2 Bd7 8. f3
Qh4+ 9. g3 exf3 10. Nxf3 Qg4 11. Bf4 Bd6 12. h3 Qf5 13. Bd3 Qa5 1/2-1/2

[Event "C.to Italiano Semifinale"]
[Site "Montecatini Terme ITA"]
[Date "1998.06.??"]
[Round "5"]
[White "Genocchio, Daniele"]
[Black "Corvi, Marco"]
[Result "0-1"]
[WhiteElo "2155"]
[BlackElo "2320"]
[PlyCount "100"]
[EventDate "1998.06.21"]

1. Nf3 f5 2. d3 d6 3. e4 e5 4. Be2 Nf6 5. O-O Be7 6. Nc3 O-O 7. Bg5 c6 8. Nd2
h6 9. Bxf6 Bxf6 10. Nb3 Qb6 11. Bh5 a5 12. Rb1 Kh7 13. exf5 Bxf5 14. Bg4 g6 15.
Ne4 Be7 16. Ng3 a4 17. Nd2 Qd4 18. Bxf5 gxf5 19. Qh5 Qg4 20. Qxg4 fxg4 21. Nc4
Kg6 22. Rfe1 Nd7 23. d4 b5 24. Ne3 h5 25. d5 c5 26. Ne4 Nf6 27. Nxf6 Rxf6 28.
Re2 Raf8 29. Nd1 b4 30. g3 Rc8 31. Re4 Rcf8 32. a3 b3 33. cxb3 axb3 34. Rc1 Bd8
35. Re3 Rf3 36. Rec3 Bg5 37. Rxf3 Rxf3 38. Kf1 Bd2 39. Rc4 Rd3 40. Ke2 Rxd5 41.
Nc3 Bxc3 42. Rxc3 Kf5 43. Rxb3 c4 44. Rc3 Rb5 45. Rxc4 Rxb2+ 46. Ke1 d5 47. Rc8
Ke4 48. a4 d4 49. Kf1 Ra2 50. Ra8 Kd3 0-1

[Event "C.to Italiano Semifinale"]
[Site "Montecatini Terme ITA"]
[Date "1998.06.??"]
[Round "5"]
[White "Iotti, Pierluigi"]
[Black "Fabiano, Giuseppe"]
[Result "1/2-1/2"]
[WhiteElo "2325"]
[BlackElo "2230"]
[PlyCount "50"]
[EventDate "1998.06.21"]

1. d4 Nf6 2. c4 e6 3. Nc3 Bb4 4. Qc2 c5 5. dxc5 Na6 6. a3 Bxc3+ 7. Qxc3 Nxc5 8.
f3 d5 9. cxd5 b6 10. Bg5 O-O 11. Bxf6 gxf6 12. Rd1 exd5 13. e4 Bb7 14. Bc4 Qe7
15. Bxd5 Bxd5 16. Rxd5 Rfd8 17. Rxd8+ Rxd8 18. Nh3 Nd3+ 19. Kf1 Nxb2 20. g3 Nd1
21. Qc1 Qe6 22. Nf2 Qb3 23. Kg2 Ne3+ 24. Kh3 Nc4 25. Qf4 Qb2 1/2-1/2

[Event "C.to Italiano Semifinale"]
[Site "Montecatini Terme ITA"]
[Date "1998.06.??"]
[Round "5"]
[White "Mariano, Elia"]
[Black "Scavo, Fernando"]
[Result "1-0"]
[WhiteElo "2205"]
[BlackElo "2255"]
[PlyCount "75"]
[EventDate "1998.06.21"]

1. d4 e6 2. c4 Nf6 3. Nc3 Bb4 4. Qc2 O-O 5. a3 Bxc3+ 6. Qxc3 b6 7. Nf3 Bb7 8.
e3 Ne4 9. Qc2 f5 10. Bd3 d6 11. O-O Rf6 12. Ne1 Rh6 13. g3 Rg6 14. f3 Nxg3 15.
hxg3 Rxg3+ 16. Kf2 Qh4 17. Ke2 Rh3 18. Rf2 Nd7 19. Ng2 Bxf3+ 20. Rxf3 Qg4 21.
Ne1 Rh2+ 22. Kd1 Rxc2 23. Kxc2 Rf8 24. Bd2 e5 25. dxe5 Nxe5 26. Rf4 Qh5 27. Bf1
g5 28. Rf2 Qh4 29. Rg2 Nxc4 30. Nf3 Qe4+ 31. Bd3 Nxe3+ 32. Bxe3 Qxe3 33. Nxg5
Qc5+ 34. Kd2 Qa5+ 35. b4 Qd5 36. Rag1 Rf6 37. Ne4+ Rg6 38. Nf6+ 1-0

[Event "C.to Italiano Semifinale"]
[Site "Montecatini Terme ITA"]
[Date "1998.06.??"]
[Round "5"]
[White "Martorelli, Antonio"]
[Black "Del Monaco, Andrea"]
[Result "1-0"]
[WhiteElo "2405"]
[BlackElo "1793"]
[PlyCount "47"]
[EventDate "1998.06.21"]

1. e4 c5 2. Nf3 d6 3. d4 cxd4 4. Nxd4 Nf6 5. Nc3 a6 6. f4 e5 7. Nf3 Qc7 8. a4
Nbd7 9. Bd3 g6 10. O-O Bg7 11. Qe1 O-O 12. Qh4 b6 13. fxe5 dxe5 14. Bh6 Bb7 15.
Ng5 Rfe8 16. Bxg7 Kxg7 17. Nxf7 Kxf7 18. Qxh7+ Ke6 19. Rxf6+ Kxf6 20. Rf1+ Ke6
21. Bc4+ Kd6 22. Rd1+ Kc6 23. Bd5+ Kc5 24. Bxb7 1-0

[Event "C.to Italiano Semifinale"]
[Site "Montecatini Terme ITA"]
[Date "1998.06.??"]
[Round "5"]
[White "Parrella, Alfredo"]
[Black "Di Vincenzi, Renato"]
[Result "1-0"]
[WhiteElo "2185"]
[BlackElo "2128"]
[PlyCount "83"]
[EventDate "1998.06.21"]

1. Nf3 Nf6 2. c4 d6 3. g3 g6 4. Bg2 Bg7 5. O-O c6 6. Nc3 Qc7 7. d3 O-O 8. h3
Nbd7 9. Bd2 Re8 10. Rb1 a5 11. a3 e5 12. Ne1 Nc5 13. b4 axb4 14. axb4 Ne6 15.
Nc2 Nd7 16. b5 Nb6 17. bxc6 bxc6 18. Ra1 Bd7 19. Rxa8 Rxa8 20. Qb1 Rb8 21. Qa2
Ra8 22. Qb1 f5 23. Qb4 Bf8 24. Rb1 Ra6 25. Qb2 Qd8 26. Nb4 Na4 27. Nxa4 Rxa4
28. Nxc6 Qe8 29. Nb4 Bg7 30. Nd5 Bc6 31. Ne7+ Qxe7 32. Bxc6 Ra7 33. Bd5 Kf7 34.
Qb8 Kf6 35. Rb6 Rd7 36. Bb4 Nc7 37. Bc6 Rd8 38. Qa7 Ne6 39. Rb7 Qf8 40. Bd5 Ra8
41. Qb6 Nd8 42. Bxd6 1-0

[Event "C.to Italiano Semifinale"]
[Site "Montecatini Terme ITA"]
[Date "1998.06.??"]
[Round "5"]
[White "Pecorari, Marcello"]
[Black "Bini, Lorenzo"]
[Result "0-1"]
[WhiteElo "1713"]
[BlackElo "2125"]
[PlyCount "108"]
[EventDate "1998.06.21"]

1. e4 d6 2. d4 Nf6 3. Nc3 b6 4. Be3 Bb7 5. f3 e6 6. Bd3 Nbd7 7. Nge2 a6 8. Ng3
h5 9. h4 c5 10. Nce2 cxd4 11. Nxd4 Qc7 12. Nde2 d5 13. Qd2 dxe4 14. Nxe4 Nxe4
15. fxe4 O-O-O 16. Qc3 Bc5 17. Bf4 e5 18. Bg3 Rh6 19. b4 Be3 20. Qxc7+ Kxc7 21.
Rf1 Rf6 22. Rxf6 gxf6 23. Bf2 Bh6 24. Ng3 Bf8 25. a3 Bd6 26. Rd1 Rg8 27. Bc4
Rg4 28. Bxf7 Bxe4 29. Bxh5 Rxh4 30. Be8 Bh7 31. Bxd7 Kxd7 32. Bxb6 Kc6 33. Bd8
Rg4 34. Nh5 Rxg2 35. Nxf6 Bxc2 36. Rc1 e4 37. Ng4 Bf4 38. Kf1 Bxc1 39. Kxg2
Bxa3 40. Ne3 Bd3 41. Ba5 Kb5 42. Nd5 Kc4 43. Nb6+ Kd4 44. Nd7 Ke3 45. Nf6 Ke2
46. Nxe4 Bxe4+ 47. Kg3 Kd3 48. Kf2 Bd5 49. Ke1 Bb3 50. Kf1 Kc4 51. Ke2 Bxb4 52.
Bxb4 Kxb4 53. Kd2 Ka3 54. Kc3 a5 0-1

[Event "C.to Italiano Semifinale"]
[Site "Montecatini Terme ITA"]
[Date "1998.06.??"]
[Round "5"]
[White "Sansonetti, Giorgio"]
[Black "Nironi, Andrea"]
[Result "1/2-1/2"]
[WhiteElo "2195"]
[BlackElo "1681"]
[PlyCount "71"]
[EventDate "1998.06.21"]

1. d4 Nf6 2. f4 g6 3. Nf3 Bg7 4. Nbd2 d5 5. e3 Bf5 6. Bd3 Ne4 7. O-O Nd7 8.
Bxe4 Bxe4 9. Nxe4 dxe4 10. Nd2 Nf6 11. c4 c5 12. d5 Qd7 13. Qc2 Qf5 14. Rb1 a5
15. b3 e6 16. dxe6 Qxe6 17. Bb2 O-O 18. Bxf6 Bxf6 19. Nxe4 Bg7 20. Rbe1 b6 21.
Nc3 Bxc3 22. Qxc3 Rad8 23. e4 Rd4 24. f5 Qe5 25. f6 Re8 26. Qc1 Qh5 27. e5 Re6
28. h3 Rd3 29. Rd1 Rxd1 30. Rxd1 Qxe5 31. Rd8+ Re8 32. Rxe8+ Qxe8 33. Qf4 h6
34. Qd6 Qe6 35. Qd8+ Kh7 36. Kf2 1/2-1/2

[Event "C.to Italiano Semifinale"]
[Site "Montecatini Terme ITA"]
[Date "1998.06.??"]
[Round "5"]
[White "Tonon, Alessandro"]
[Black "Mauro, Alan"]
[Result "0-1"]
[WhiteElo "2175"]
[BlackElo "2260"]
[PlyCount "90"]
[EventDate "1998.06.21"]

1. d4 Nf6 2. c4 a6 3. Nc3 c5 4. e3 g6 5. Nf3 Bg7 6. Be2 O-O 7. O-O d6 8. b3 Nc6
9. Bb2 b6 10. Rc1 Rb8 11. d5 Na7 12. Qc2 b5 13. e4 bxc4 14. Bxc4 Bg4 15. Bxa6
Bxf3 16. gxf3 Nh5 17. Ne2 Bxb2 18. Qxb2 Qd7 19. Kh1 Nb5 20. Bxb5 Rxb5 21. Rg1
Ra8 22. Rc4 Rab8 23. Qc3 Qa7 24. Qd2 Rb4 25. Rgc1 Rxc4 26. Rxc4 Ra8 27. Ra4 Qb7
28. Rxa8+ Qxa8 29. a4 Qa7 30. Qe3 Qa6 31. Kg2 c4 32. bxc4 Qxc4 33. a5 Qa2 34.
Nd4 Qxa5 35. Nc6 Qc7 36. Qg5 Nf6 37. Qf4 Kg7 38. Qg5 e5 39. Qe3 Nh5 40. Qa7
Nf4+ 41. Kf1 Qc8 42. Ke1 Qh3 43. Nd8 Qxf3 44. Qxf7+ Kh6 45. Qf8+ Kh5 0-1

[Event "C.to Italiano Semifinale"]
[Site "Montecatini Terme ITA"]
[Date "1998.06.??"]
[Round "5"]
[White "Tribuiani, Renato"]
[Black "Astengo, Marcello"]
[Result "1-0"]
[WhiteElo "2115"]
[BlackElo "2075"]
[PlyCount "95"]
[EventDate "1998.06.21"]

1. Nf3 d5 2. d4 Bf5 3. c4 e6 4. Nc3 c6 5. e3 Nd7 6. cxd5 exd5 7. Be2 Bd6 8. Qb3
Rb8 9. Bd2 h6 10. Rc1 Ngf6 11. Na4 Qe7 12. a3 O-O 13. Bb4 Ne4 14. Bxd6 Qxd6 15.
Nc3 Nxc3 16. Qxc3 Be4 17. O-O Rbe8 18. Nd2 Bf5 19. Bf3 Qg6 20. Qa5 Bd3 21. Rfe1
Ba6 22. e4 dxe4 23. Nxe4 Re6 24. Ng3 Rfe8 25. Rxe6 Rxe6 26. h3 Nb6 27. Qc5 Na4
28. Qb4 Bb5 29. d5 Qg5 30. Rd1 Re5 31. dxc6 bxc6 32. Ne4 Qe7 33. Nd6 a5 34. Qd2
Nxb2 35. Qxb2 Re1+ 36. Rxe1 Qxe1+ 37. Kh2 Bd3 38. Qd4 Bg6 39. Bxc6 Qc1 40. Nc4
Kh7 41. a4 Qg5 42. Ne5 Qf6 43. g3 Kg8 44. Qf4 Qe6 45. Nxg6 Qxg6 46. Bd5 Kf8 47.
Qb8+ Ke7 48. Qc7+ 1-0

[Event "C.to Italiano Semifinale"]
[Site "Montecatini Terme ITA"]
[Date "1998.06.??"]
[Round "5"]
[White "Vezzosi, Paolo"]
[Black "Marzano, Carlo"]
[Result "1-0"]
[WhiteElo "2275"]
[BlackElo "2185"]
[PlyCount "79"]
[EventDate "1998.06.21"]

1. e4 g6 2. d4 c6 3. c4 d5 4. e5 Bg7 5. Nc3 h5 6. Qb3 e6 7. Nf3 Nd7 8. Bf4 Ne7
9. Rd1 a6 10. Bg5 b5 11. cxd5 cxd5 12. Bd3 Nb6 13. O-O Bd7 14. Rc1 Qb8 15. Qd1
Nf5 16. Qe2 Qa7 17. Rfd1 O-O 18. Bxf5 exf5 19. b3 Rfc8 20. Qe3 Be6 21. Bh6 Qe7
22. Bxg7 Kxg7 23. Ne2 Rxc1 24. Rxc1 Rc8 25. h4 Qd8 26. Nf4 Nd7 27. Ng5 Nf8 28.
Nd3 Rxc1+ 29. Qxc1 Qc8 30. Nc5 Kg8 31. Qa3 Qa8 32. Qxa6 Qxa6 33. Nxa6 Nd7 34.
Nc7 Nf8 35. Nxb5 Bd7 36. Nc7 Bc6 37. b4 Nd7 38. b5 Bb7 39. a4 Nb6 40. a5 1-0